Uncommon musical instruments - Statistics

General Stats
  • This quiz has been taken 53 times
  • The average score is 4 of 16
Answer Stats
Picture Answer % Correct
Contrabassoon
62%
Bass Flute
51%
Balalaika
47%
Bandoneon
31%
Flugelhorn
29%
Jew's harp
27%
Shamisen
24%
Octobass
22%
Glass harmonica
13%
Hang
13%
Bodhrán
11%
Flexatone
11%
Ondes Martenot
9%
Viola d'amore
7%
Wagner tuba
7%
Heckelphone
2%
No matching quizzes found
Score Distribution
Percent of People with Each Score
Percentile by Number Answered
Your Score History
You have not taken this quiz